000 01237nam0a22003851 4500
001 v19\rc\1719006
005 20250619040250.0
035 _a(NLR Aleph) 004817137
090 _a4983538
_c4983538
100 _a20061002d1900 |||y0rusy50 ca
101 1 _arus
_ceng
102 _aRU
105 _ay z |||||
200 1 _aПроисхождение и развитие нравственного инстинкта
_fА. Сутерланд
_gПер. с англ. Н. Кончевской
210 _aСанкт-Петербург
_cФ. Павленков
_d1900
215 _a[2], VI с., 816 стб.
_d26
700 1 _aСатерленд
_bА.
_f1852-1902
_gАлександр
702 1 _aКончевская
_bН.В.
_4730
801 0 _aRU
_bNLR
_gpsbo
801 0 _aRU
_bRuMoRGB
_2psbo
801 1 _aRU
_bProSoft-M
_2rusmarc
852 _aNLR
_j20.52.6.11
852 _aNLR
_j132/3441
852 _aNLR
_bМф
_jК-1/26380
899 _aRuMoRGB
_jW 455/31
899 _aRuMoRGB
_jR 107/550
899 _aRuMoRGB
_jV 130/31
899 _aRuMoRGB
_jРб 33/3121
899 _aRuMoRGB
_j801-83/17953-9
899 _aБАН
899 _aНБ СПбГУ
899 _aГПИБ
899 _aНБ МГУ
942 _cBOOK
980 _aNB